000 00538nam a2200193Ia 4500
005 20240823020553.0
008 240823s9999||||xx |||||||||||||| ||und||
020 _a81-7808-125-3
041 _aENGLISH
082 _A005.1 P4
100 _aIvar Jacobson et al.
245 0 _a"Software Reuse : Architecture,Process and Organization for Business Success"
250 _a1st
260 _c2004
_bPearson Education (Singapore)
500 _aTRANSFERED
650 _aSoftware
_bInformation Technology
942 _cBK
999 _c175060
_d175060